الزخرفة المنسوجة فى الاقمشة الفاطمية / (Record no. 65783)
[ view plain ]
| 000 -الفاتح | |
|---|---|
| حقل البيانات ثابتة الطول | 01123nam a22002537a 4500 |
| 005 - وقت وتاريخ اخر تعامل مع التسجيلة | |
| رقم الضبط | 20240530110843.0 |
| 008 - عناصر البيانات ثابتة الطول - معلومات عامة | |
| حقل البيانات ثابتة الطول | 200912s2018 ua a f b 000 0dara d |
| 017 ## - رقم الايداع القانونى | |
| رقم الايداع القانونى | 2018/5095 |
| المصدر ( الهيئة المختصة) | مصر. دار الكتب |
| 020 ## - الرقم الدولى المعيارى للكتب | |
| الرقم الدولى المعيارى للكتاب | 9789771813194 |
| 040 ## - مصدر الفهرسة | |
| وكالة الفهرسة الأصلية | EG-CaGPL |
| وكالة النسخ | EG-CaGPL |
| 082 04 - رقم تصنيف ديوى العشرى | |
| رقم الطبعة | 21 |
| رقم التصنيف | 746.4 |
| رقم المادة | ق/م ز |
| 100 0# - المدخل الرئيسى - إسم شخصى | |
| الإسم الشخصى | محمد عبدالعزيز مرزوق |
| 245 12 - بيان العنوان | |
| العنوان | الزخرفة المنسوجة فى الاقمشة الفاطمية / |
| بيان المسئوليه,etc | تاليف محمد عبدالعزيز مرزوق |
| 250 ## - بيان الطبعة | |
| بيان الطبعة | ط.1 |
| 260 ## - PUBLICATION, DISTRIBUTION, ETC. (IMPRINT) | |
| تاريخ النشر أو التوزيع | 2018 |
| 300 ## - الوصف المادى | |
| التعداد | 235 ص. ؛ |
| أبعاد الوعاء | 24 سم. |
| 500 ## - تبصرة عامة | |
| تبصرة عامة | فى رأس العنوان : دار الاثار العربية |
| 504 ## - تبصرة ببليوجرافية | |
| تبصرة ببليوجرافية,الخ | يشتمل على ارجاعات ببليوجرافية |
| 650 07 - المدخل الاضافى بالموضوع-مصطلح موضوعى | |
| مصدر الرأس أو المصطلح | qrmak |
| مصطلح موضوعي | المنسوجات |
| التقسيم الفرعي العام | صناعة وتجارة |
| التقسيم الفرعي الزمني | العصر الفاطمى |
| 650 07 - المدخل الاضافى بالموضوع-مصطلح موضوعى | |
| مصطلح موضوعي | المنسوجات |
| التقسيم الفرعي العام | تصميم |
| التقسيم الفرعي الزمني | العصر الفاطمى |
| 653 ## - مصطلح تكشيفى غير مقيد | |
| مصطلح غير مقيد | الزخرفة على الاقمشة |
| 942 ## - عناصر المدخل الإضافي( كوها) | |
| مصدر التصنيف او مخطط الترفيف | Dewey Decimal Classification |
| Koha [default] item type | كتاب |
| 260 ## - PUBLICATION, DISTRIBUTION, ETC. (IMPRINT) | |
| -- | القاهرة : |
| -- | مطبعة دار الكتب و الوثائق القومية بالقاهرة ، |
| حالة التراجع | حالة الفقد | حالة تلف | ليس للاعارة | المكان المؤقت | الموقع الحالى | موقع الترفيف | تاريخ الاكتساب | اجمالي اﻻعارات | رقم الطلب | الباركود | تاريخ اخر مشاهدة | تاريخ تفعيل السعر | نوع وعاء كوها |
|---|---|---|---|---|---|---|---|---|---|---|---|---|---|
| مكتبة القاهرة الكبرى | مكتبة القاهرة الكبرى | 09/26/2020 | 746.4 ق/م ز | 166904 | 09/26/2020 | 09/26/2020 | كتاب |

